| 000 | 00708nam a2200205Ia 4500 | ||
|---|---|---|---|
| 003 | GCL | ||
| 008 | 140319s9999 xx 000 0 ara d | ||
| 040 |
_aGCL / _cGCL |
||
| 082 | 0 | 4 |
_aق _b301.36 _bب د |
| 100 | 1 | _aعبدالحميد فهمى الجمال | |
| 245 | 1 | 0 |
_aدراسات فى التاريخ الاجتماعى لمصر الحديثة / _cعبدالحميد فهمى الجمال |
| 700 | 1 | _aعبدالخالق لاشين | |
| 700 | 1 | _aبير، ج | |
| 300 | _a460 ص | ||
| 490 |
_aالهيئة العامة للاستعلامات _v0 |
||
| 650 | 0 | 4 | _aالمجتمع المصرى |
| 650 | 0 | 4 | _aمصر - تاريخ |
| 650 | 0 | 4 | _aالمجتمعات الريفية - مصر |
| 942 |
_2ddc _cBK |
||
| 999 |
_c51651 _d51651 |
||